000 00598nam a22002057a 4500
005 20210928142017.0
008 210928b ||||| |||| 00| 0 eng d
020 _a9789382056126
040 _aIN-DiNC
_cIN-DiNC
041 _dasm
082 _a954.035092
_bKAS
100 _aKashyap, Neelim Akash
_eauthor
245 _aNetaji:
_bDurghotona nohoi mrityu/
_cby Neelim Akash Kashyap and Anuranan Aditya
250 _a2nd ed.
260 _aDibrugarh:
_bBanalata,
_c2016
300 _a283p.
650 _aMystery of Netaji's disappearance
700 _aAditya, Anuranan
_eauthor
942 _2ddc
_cBK
999 _c11194
_d11194